| 000 | 01708nam0a2200313 4500 | ||
|---|---|---|---|
| 001 | RU\NLR\bibl\474833 | ||
| 005 | 20200706165447.0 | ||
| 010 |
_a5-87456-229-Х _95000 |
||
| 035 | _a(NLR Aleph) 000467884 | ||
| 090 |
_a974921 _c974921 |
||
| 100 | _a20031222d2001 u y0rusy50 ca | ||
| 101 | 0 | _arus | |
| 102 | _aRU | ||
| 105 | _aa ||||||||| | ||
| 200 | 1 |
_aДалекий колокол _eСтихи, проза, письма читателей _fАнатолий Жигулин _g[Вступ. ст. В.М. Акаткина] |
|
| 210 |
_aВоронеж _cИзд-во им. Е.А.Болховитинова _d2001 |
||
| 215 |
_a695,[1] с., [1] л. портр. _d21 |
||
| 225 | 1 |
_aРусская словесность XX века _fРед. совет: ...О.Г. Ласунский (пред.) и др. |
|
| 320 | _aКрат. библиогр.: с. 685-689 | ||
| 327 | 0 | _aСодерж.: Стихотворения: Циклы: Черный ворон, белый снег; Теплая зола; Еще о себе; Опять я подумал о Родине; Красные листья; Проза: Черные камни: Автобиогр. повесть; Урановая удочка: Воспоминания смертника; Обломки "Черных камней": Крат. заметки; Рассказы; Вокруг "Черных камней" и др. | |
| 686 | _aШ6(2=Р)75я44 | ||
| 700 | 1 |
_4070 _aЖигулин _bА. В. _f1930-2000 _gАнатолий Владимирович _964766 _3RU\NLR\AUTH\7781838 |
|
| 801 | 0 |
_aRU _bNLR _c20031222 _gPSBO |
|
| 801 | 1 |
_aRU _bNLR _c20031222 |
|
| 942 | _cBOOK | ||
| 980 | _aNB | ||